<?xml version="1.0" encoding="UTF-8"?>
<marc:record xmlns:marc="http://www.loc.gov/MARC21/slim">
   <marc:leader>00000nam a2200000 a 4500</marc:leader>
   <marc:datafield ind1="1" ind2=" " tag="100">
      <marc:subfield code="a">Damm, Dörte</marc:subfield>
      <marc:subfield code="4">aut</marc:subfield>
      <marc:subfield code="e">Verfasser/-in</marc:subfield>
   </marc:datafield>
   <marc:datafield ind1=" " ind2=" " tag="653">
      <marc:subfield code="a">ab 12</marc:subfield>
   </marc:datafield>
   <marc:datafield ind1=" " ind2=" " tag="653">
      <marc:subfield code="a">Pest</marc:subfield>
   </marc:datafield>
   <marc:datafield ind1=" " ind2=" " tag="653">
      <marc:subfield code="a">Dreißigjähriger Krieg</marc:subfield>
   </marc:datafield>
   <marc:datafield ind1="0" ind2="0" tag="245">
      <marc:subfield code="a">Die Els und ich</marc:subfield>
   </marc:datafield>
   <marc:datafield ind1="0" ind2="0" tag="245">
      <marc:subfield code="b">zwei Mädchen in den Wirren des Dreißigjährigen Krieges</marc:subfield>
   </marc:datafield>
   <marc:datafield ind1=" " ind2="1" tag="264">
      <marc:subfield code="b">Ueberreuter</marc:subfield>
      <marc:subfield code="c">2002</marc:subfield>
   </marc:datafield>
   <marc:datafield ind1="1" ind2=" " tag="520">
      <marc:subfield code="a">Lange Zeit nach der letzten Pest tritt die Krankheit erneut in Frankfurt auf. Mariezebill verliert innerhalb weniger Wochen ihre ganze Familie - nur die Magd Els und sie selbst überleben die Seuche. Der Pfarrer will Mariezebill aufnehmen, die Magd aber nicht. Für die beiden Mädchen kommt eine Trennung jedoch nicht in Frage. Sie fliehen aus Frankfurt und suchen Zuflucht in einem Kloster, werden für Hexen gehalten und müssen erneut fliehen. Ihre letzte Möglichkeit ist Mariezebills Vater zu suchen, doch der ist Hauptmann im schwedischen Regiment. In Männerkleidern machen sich die zwei Mädchen auf zu einer abenteuerlichen und gefährlichen Reise. </marc:subfield>
   </marc:datafield>
   <marc:datafield ind1="3" ind2=" " tag="024">
      <marc:subfield code="a">380002862X</marc:subfield>
   </marc:datafield>
</marc:record>
